La sal de la tierra / (Record no. 193217)
[ view plain ]
| 000 -LEADER | |
|---|---|
| campo de control de longitud fija | 02578nam a2200457 i 4500 |
| 001 - NÚMERO DE CONTROL | |
| campo de control | 193217 |
| 003 - IDENTIFICADOR DE NÚMERO DE CONTROL | |
| campo de control | SpMaBN |
| 005 - FECHA Y HORA DE LA ÚLTIMA TRANSACCIÓN | |
| campo de control | 20250630060303.0 |
| 007 - CAMPO FIJO DE DESCRIPCIÓN FÍSICA--INFORMACIÓN GENERAL | |
| campo de control de longitud fija | ta |
| 008 - DATOS DE LONGITUD FIJA--INFORMACIÓN GENERAL | |
| campo de control de longitud fija | 231009s2021 sp 000 f spa |
| 017 ## - NÚMERO DE COPYRIGHT O DE DEPÓSITO LEGAL | |
| Número de copyright o de depósito legal | B 7345-2016 |
| Agencia que asigna | Oficina Depósito Legal Barcelona |
| 020 ## - NÚMERO INTERNACIONAL ESTÁNDAR DEL LIBRO | |
| Número Internacional Estándar del Libro | 9788466333740 |
| 035 ## - NÚMERO DE CONTROL DEL SISTEMA | |
| Número de control de sistema | (OCoLC)982073393 |
| 035 ## - NÚMERO DE CONTROL DEL SISTEMA | |
| Número de control de sistema | a5913822 |
| 040 ## - FUENTE DE CATALOGACIÓN | |
| Centro catalogador/agencia de origen | SpMaBN |
| Lengua de catalogación | spa |
| Centro/agencia transcriptor | SpMaBN |
| Normas de descripción | rdc |
| Centro/agencia modificador | ES-MaACL |
| 080 ## - NÚMERO DE LA CLASIFICACIÓN DECIMAL UNIVERSAL | |
| Número de la Clasificación Decimal Universal | 821.112.2-31"20" |
| 100 ## - ENTRADA PRINCIPAL--NOMBRE DE PERSONA | |
| Nombre de persona | Wolf, Daniel, |
| Fechas asociadas al nombre | 1977- |
| Número de control del registro de autoridad o número normalizado | XX5545336 |
| 9 (RLIN) | 234298 |
| Término indicativo de función/relación | Autor |
| 245 13 - MENCIÓN DEL TÍTULO | |
| Título | La sal de la tierra / |
| Mención de responsabilidad, etc. | Daniel Wolf ; traducción de Carlos Fortea |
| 250 ## - MENCION DE EDICION | |
| Mención de edición | Séptima reimpresión: julio de 2021 |
| 260 ## - PUBLICACIÓN, DISTRIBUCIÓN, ETC. | |
| Lugar de publicación, distribución, etc. | [Barcelona] : |
| Nombre del editor, distribuidor, etc. | Debolsillo, |
| Fecha de publicación, distribución, etc. | 2021 |
| 300 ## - DESCRIPCIÓN FÍSICA | |
| Extensión | 890 páginas ; |
| Dimensiones | 19 cm |
| 336 ## - TIPO DE CONTENIDO | |
| Término de tipo de contenido | Texto (visual) |
| Fuente | isbdcontent |
| 337 ## - TIPO DE MEDIO | |
| Nombre/término del tipo de medio | sin mediación |
| Fuente | isbdmedia |
| 338 ## - TIPO DE SOPORTE | |
| Fuente | rdacarrier |
| Nombre/término del tipo de soporte | volumen |
| 490 1# - MENCIÓN DE SERIE | |
| Mención de serie | Bestseller ; |
| Designación de volumen o secuencia | 1164/1 |
| 500 ## - NOTA GENERAL | |
| Nota general | Glosario: p. 885-[889] |
| 500 ## - NOTA GENERAL | |
| Nota general | Primer libro de la saga de los Fleury. |
| 520 ## - RESUMEN, ETC. | |
| Sumario, etc. | Una apasionante novela histórica de ideales y amor que muestra un magnífico retrato de la sociedad medieval del siglo XII.<br/><br/>Ducado de Alta Lorena, 1187. Tras la muerte de su padre, el joven mercader de sal Michel de Fleury se hace cargo de los negocios familiares. Son tiempos difíciles para los comerciantes, ya que la avaricia del clero y el despotismo de la nobleza gravan con abusivos impuestos a los mercaderes y sumen al pueblo en la miseria.<br/><br/>Es entonces cuando el carismático Michel decide desafiar a los poderosos para cambiar las opresivas leyes del comercio y abanderar las ansias de libertad de un pueblo. Sus medidas, revolucionarias para la época, lo envuelven en una mezquina lucha de poderes. Así que, cuando propone construir un puente alternativo para evitar las tasas de los señores feudales, sus enemigos harán todo lo posible por derrotarlo, hasta el punto que verá peligrar su vida y la de la mujer a la que ama... |
| 534 ## - NOTA SOBRE LA VERSIÓN ORIGINAL | |
| Frase introductoria | Traducción de: Das Salz der Erde |
| 655 #7 - TERMINO DE INDIZACIÓN--GENERO/FORMA | |
| Datos o término principal de género/forma | Novelas históricas |
| Fuente del término | tgfbne |
| 9 (RLIN) | 226782 |
| 700 1# - ENTRADA AGREGADA--NOMBRE PERSONAL | |
| Nombre de persona | Fortea, Carlos, |
| Fechas asociadas al nombre | 1963- |
| Término indicativo de función/relación | Traductor |
| 9 (RLIN) | 51844 |
| 830 #0 - PUNTO DE ACCESO ADICIONAL DE SERIE-TÍTULO UNIFORME | |
| Título uniforme | Bestseller (Barcelona) |
| 9 (RLIN) | 235724 |
| 852 ## - LOCALIZACIÓN | |
| Ubicación | ES-MaACL |
| itemnumber | 200601 |
| Sublocalización o colección | R.154717 |
| Número de control de estantería | N-9491 |
| Ubicación en estantería | Depósito J |
| Donativo/Legado | Donación: Carlos Fortea |
| Encuadernación | Encuadernación rústica |
| 903 ## - NOMBRE PERSONAL DE DONANTE | |
| a | Fortea, Carlos, |
| d | 1963- |
| e | Donante |
| 9 | 51844 |
| 942 ## - ELEMENTOS DE ENTRADA SECUNDARIOS (KOHA) | |
| Suprimir en OPAC | No |
| Tipo de ítem Koha | Libro impreso |
| Estatus retirado | Estado de pérdida | Fuente del sistema de clasificación o colocación | Estado de daño | No para préstamo | Biblioteca de origen | Biblioteca actual | Ubicación en estantería | Fecha de adquisición | Fuente de adquisición | Número de control de estantería | Total de préstamos | Signatura topográfica completa | Código de barras | Visto por última vez | Precio de reemplazo | Tipo de ítem Koha |
|---|---|---|---|---|---|---|---|---|---|---|---|---|---|---|---|---|
| Clasificación decimal universal | Biblioteca del Ateneo de Madrid | Biblioteca del Ateneo de Madrid | Depósito J | 09/10/2023 | Donación | Ateneísta | N-9491 | 101205896 | 09/10/2023 | 09/10/2023 | Libro impreso |
